LEADER 01042nam0-2200313---450- 001 990008245870403321 005 20051215105617.0 010 $a88-7524-054-X 035 $a000824587 035 $aFED01000824587 035 $a(Aleph)000824587FED01 035 $a000824587 100 $a20051215d2005----km-y0itay50------ba 101 0 $aita 102 $aIT 105 $ay-------001yy 200 1 $a<>diritto di accesso dopo la riforma dell'azione amministrativa$elegge 11 febbraio 2005, n. 15$ecodice privacy, Testo Unico degli Enti locali$econ appendice normativa, giurisprudenza e formulario$fMarco Mariani 210 $aTorino$cGiappichelli$d2005 215 $aXV, 463 p.$d23 cm 225 1 $aLinea professionale 676 $a342.450662$v20$zita 700 1$aMariani,$bMarco$0107636 801 0$aIT$bUNINA$gRICA$2UNIMARC 901 $aBK 912 $a990008245870403321 952 $aE-VII-18$b13743$fDDRC 959 $aDDRC 996 $aDiritto di accesso dopo la riforma dell'azione amministrativa$9737033 997 $aUNINA LEADER 01145nam--2200373---450- 001 990002770780203316 005 20060630111847.0 035 $a000277078 035 $aUSA01000277078 035 $a(ALEPH)000277078USA01 035 $a000277078 100 $a20060630d1971----km-y0itay50------ba 101 $aeng 102 $aGB 105 $aa---||||001yy 200 1 $aCorinthian komos vases$fby Axel Seeberg 210 $aLondon$cUniversity of London, Institute of Classical Studies$d1971 215 $aXV, 107 p., 15 c. di tav.$cill.$d28 cm 225 2 $aInstitute of Classical Studies$iBulletin supplement$v27 410 0$12001$aInstitute of Classical studies$iBulletin supplement$v27 454 1$12001 461 1$1001-------$12001 606 0 $aPittura vascolare greca 676 $a738.38209387 700 1$aSEEBERG,$bAxel$0293424 801 0$aIT$bsalbc$gISBD 912 $a990002770780203316 951 $aI C SEE 1$b2046 DBC$cI C 959 $aBK 969 $aDBC 979 $aDBC$b90$c20060630$lUSA01$h1116 979 $aDBC$b90$c20060630$lUSA01$h1118 996 $aCorinthian Komos vases$9537229 997 $aUNISA LEADER 01549nam0 22003011i 450 001 VAN0045178 005 20081217120000.0 010 $a88-14-09543-4 100 $a20060522d2002 |0itac50 ba 101 $aita 102 $aIT 105 $a|||| ||||| 200 1 $aFormulario del processo di cognizione e di esecuzione in materia tributaria$eil nuovo processo tributario aggiornato con la legge 28 dicembre 2001, n. 448 che ha esteso la giurisdizione delle commissioni tributarie a tutti i tributi di ogni genere e specie$egiurisprudenza e tabelle dei compensi$fLuigi Matteo Bonavolonta 210 $aMilano$cGiuffrè$d[2002] 215 $aXXVIII, 817 p.$d24 cm$e1 CD-ROM. 410 1$1001VAN0045177$12001 $aCosa & Come. Formulari$1210 $aMilano$cGiuffrè. 620 $dMilano$3VANL000284 700 1$aBonavolontà$bLuigi M.$3VANV007721$0729785 712 $aGiuffrè $3VANV109181$4650 790 1$aBonavolontà, Luigi$zBonavolontà, Luigi M.$3VANV001248 790 1$aBonavolontà, Luigi Matteo$zBonavolontà, Luigi M.$3VANV026258 790 1$aBonavolonta, Luigi M.$zBonavolontà, Luigi M.$3VANV061970 801 $aIT$bSOL$c20230616$gRICA 899 $aBIBLIOTECA DEL DIPARTIMENTO DI GIURISPRUDENZA$1IT-CE0105$2VAN00 912 $aVAN0045178 950 $aBIBLIOTECA DEL DIPARTIMENTO DI GIURISPRUDENZA$d00CONS XVI.B.18 $e00 31778 20060522 996 $aFormulario del processo di cognizione e di esecuzione in materia tributaria$91422554 997 $aUNICAMPANIA